Statistics for Top Ten Famous Movie Cars

Click here to take the quiz!

General Stats

  • This quiz has been taken 124 times
  • The average score is 3 of 10

Answer Stats

CarFilm% Correct
1981 DeLorean DMC-12Back to the Future
91%
1964 Aston Martin DB5Goldfinger
46%
1977 Pontiac Trans AmSmokey and the Bandit
38%
Batmobile/TumblerBatman Begins
33%
1968 Mustang GT 390Bullitt
21%
1976 Lotus Esprit Series IThe Spy Who Loved Me
21%
1973 XB GT Ford FalconMad Max
17%
1970 Dodge ChargerThe Fast and the Furious
16%
1970 Dodge Challenger R/TVanishing Point
12%
'32 Ford CoupeAmerican Graffiti
10%

Score Distribution

Percentile by Number Answered

Percent of People with Each Score

Your Score History

You have not taken this quiz